000 00600nam a2200217Ia 4500
003 IN-BaIIA
008 211028s9999 xx 000 0 eng d
020 _a0-7167-1043-9
040 _cIIA Library
080 _a52
_bBRA
100 _aBrandt, John C
_94599
245 0 _aNew horizons in astronomy
_cJohn C Brandt and Stephen P Maran
250 _a2nd ed.
260 _aSan Francisco
_bW. H. Freeman
_c1979
300 _axv, 614p.
650 _aAstronomy
_980
650 _aAstronomy and astrophysics thesaurus
650 _aAstrophysics
_9794
700 _aMaran, Stephen P.
_97413
942 _cBK
999 _c6981
_d6981